นักวัฒนธรรมไทยระดับโลก [2nd] (ระเบียนเลขที่ 12006)
| 000 -LEADER | |
|---|---|
| fixed length control field | 01550nam a22003017a 4500 |
| 005 - DATE AND TIME OF LATEST TRANSACTION | |
| control field | 20240212094252.0 |
| 008 - FIXED-LENGTH DATA ELEMENTS--GENERAL INFORMATION | |
| fixed length control field | s2545 th tha d |
| 020 ## - INTERNATIONAL STANDARD BOOK NUMBER | |
| International Standard Book Number | 9746891154 |
| 040 ## - CATALOGING SOURCE | |
| Original cataloging agency | NALT |
| 041 ## - LANGUAGE CODE | |
| Language code of text/sound track or separate title | tha |
| 050 ## - LIBRARY OF CONGRESS CALL NUMBER | |
| Classification number | DS578.3 ป192น 2545 |
| 100 0# - MAIN ENTRY--PERSONAL NAME | |
| Personal name | ประกาศ วัชราภรณ์ |
| 245 10 - TITLE STATEMENT | |
| Title | นักวัฒนธรรมไทยระดับโลก [2nd] |
| 260 3# - PUBLICATION, DISTRIBUTION, ETC. | |
| Place of publication, distribution, etc. | กรุงเทพฯ : |
| Name of publisher, distributor, etc. | ดอกหญ้า, |
| Date of publication, distribution, etc. | 2545 |
| 300 ## - PHYSICAL DESCRIPTION | |
| Extent | 216 หน้า : |
| Other physical details | ภาพประกอบ ; |
| Dimensions | 21 ซม. |
| 650 04 - SUBJECT ADDED ENTRY--TOPICAL TERM | |
| Topical term or geographic name entry element | ดำรงราชานุภาพ, สมเด็จฯ กรมพระยา, 2405--2486 |
| 650 04 - SUBJECT ADDED ENTRY--TOPICAL TERM | |
| Topical term or geographic name entry element | นราธิปพงศ์ประพันธ์, พระเจ้าวรวงศ์เธอ กรมหมื่น |
| 650 04 - SUBJECT ADDED ENTRY--TOPICAL TERM | |
| Topical term or geographic name entry element | นริศรานุวัดติวงศ์, สมเด็จฯ เจ้าฟ้า |
| 650 04 - SUBJECT ADDED ENTRY--TOPICAL TERM | |
| Topical term or geographic name entry element | บุคคลสำคัญ -- ไทย |
| 650 04 - SUBJECT ADDED ENTRY--TOPICAL TERM | |
| Topical term or geographic name entry element | ปรมานุชิตชิโนรส, สมเด็จพระมหาสมณเจ้า กรมพระ |
| 650 04 - SUBJECT ADDED ENTRY--TOPICAL TERM | |
| Topical term or geographic name entry element | ปรีดี พนมยงค์, 2443--2526 |
| 650 04 - SUBJECT ADDED ENTRY--TOPICAL TERM | |
| Topical term or geographic name entry element | พุทธเลิศหล้านภาลัย, พระบาทสมเด็จพระ, 2310--2367 |
| 650 04 - SUBJECT ADDED ENTRY--TOPICAL TERM | |
| Topical term or geographic name entry element | สุนทรภู่, 2329--2398 |
| 650 04 - SUBJECT ADDED ENTRY--TOPICAL TERM | |
| Topical term or geographic name entry element | อนุมานราชธน, พระยา |
| 650 04 - SUBJECT ADDED ENTRY--TOPICAL TERM | |
| Topical term or geographic name entry element | ไทย -- ชีวประวัติ |
| 850 ## - HOLDING INSTITUTION | |
| Holding institution | NALT |
| 942 ## - ADDED ENTRY ELEMENTS (KOHA) | |
| Koha item type | General Book |
| Source of classification or shelving scheme | Library of Congress Classification |
| Koha issues (borrowed), all copies | 3 |
| 998 ## - LOCAL CONTROL INFORMATION (RLIN) | |
| -- | 4576 |
| -- | นักศึกษาฝึกงาน-02 |
| Withdrawn status | Lost status | Damaged status | Not for loan | Collection code | Home library | Current library | Date acquired | Cost, normal purchase price | Total Checkouts | Total Renewals | Full call number | Barcode | Date last seen | Date last checked out | Cost, replacement price | Price effective from | Koha item type |
|---|---|---|---|---|---|---|---|---|---|---|---|---|---|---|---|---|---|
| General Book collection | National Assembly Library of Thailand | National Assembly Library of Thailand | 19/06/2023 | 130.00 | 3 | 1 | DS 578.3 ป192น 2545 | 3961146671 | 10/07/2023 | 04/07/2023 | 180.00 | 09/06/2017 | General Book |
